[Event "Solingen-ch"]
[Site "Solingen"]
[Date "2015.09.18"]
[Round "2"]
[White "Littek, Oliver"]
[Black "Moeller, Laura"]
[Result "1-0"]
[WhiteElo "1137"]
[BlackElo "1736"]
[PlyCount "65"]
[EventDate "2015.09.04"]
[EventType "swiss"]
[EventRounds "7"]
[EventCountry "GER"]
[SourceTitle "EXT 2018"]
[Source "ChessBase"]
[SourceDate "2017.10.13"]
[SourceVersion "1"]
[SourceVersionDate "2017.10.13"]
[SourceQuality "1"]

1. e4 c5 2. Nc3 Nc6 3. Bc4 g6 4. Nf3 Bg7 5. 0-0 Nf6 6. d3 0-0 7. Bf4 e6 8. Bd6 Re8 9. Bxc5 d5 10. exd5 exd5 11. Bb3 b6 12. Ba4 Bd7 13. Be3 Ng4 14. Nxd5 Bxb2 15. Rb1 Bg7 16. Qd2 Nce5 17. Nxe5 Rxe5 18. Bxd7 Qxd7 19. c4 Qd6 20. Bf4 Rae8 21. d4 f6 22. dxe5 fxe5 23. Qd1 h5 24. Re1 Rf8 25. h3 Nf6 26. Nxf6+ Qxf6 27. Be3 Qf5 28. Rb2 e4 29. Rd2 Bc3 30. Rd5 Qf6 31. Rf1 Be5 32. Bd4 Bxd4 33. Qxd4 1-0

[Event "Solingen-ch"]
[Site "Solingen"]
[Date "2015.09.04"]
[Round "1"]
[White "Fraenzel, Marius"]
[Black "Littek, Oliver"]
[Result "1-0"]
[WhiteElo "1803"]
[BlackElo "1137"]
[PlyCount "49"]
[EventDate "2015.09.04"]
[EventType "swiss"]
[EventRounds "7"]
[EventCountry "GER"]
[SourceTitle "EXT 2018"]
[Source "ChessBase"]
[SourceDate "2017.10.13"]
[SourceVersion "1"]
[SourceVersionDate "2017.10.13"]
[SourceQuality "1"]

1. e4 e5 2. Nf3 Nc6 3. Bb5 d6 4. d4 Bd7 5. Nc3 a6 6. Bxc6 Bxc6 7. dxe5 dxe5 8. Qxd8+ Rxd8 9. Nxe5 Nf6 10. Nxc6 bxc6 11. a3 Be7 12. 0-0 0-0 13. Bf4 Rd7 14. h3 Re8 15. Rad1 Rxd1 16. Rxd1 h6 17. Bxc7 Bc5 18. e5 Nh7 19. Ne4 Ba7 20. Kf1 f6 21. Rd8 Rxd8 22. Bxd8 fxe5 23. Bc7 Nf8 24. Bxe5 Ng6 25. Bd6 1-0

[Event "Solingen-ch"]
[Site "Solingen"]
[Date "2013.11.08"]
[Round "5"]
[White "Schubert, Stefan"]
[Black "Littek, Oliver"]
[Result "1-0"]
[WhiteElo "1091"]
[BlackElo "982"]
[PlyCount "89"]
[EventDate "2013.09.13"]
[EventType "swiss"]
[EventRounds "7"]
[EventCountry "GER"]
[SourceTitle "EXT 2015"]
[Source "ChessBase"]
[SourceDate "2014.11.20"]
[SourceVersion "1"]
[SourceVersionDate "2014.11.20"]
[SourceQuality "1"]

1. c4 Nf6 2. Nc3 Nc6 3. g3 e6 4. Bg2 Bc5 5. e3 0-0 6. d4 Bb4 7. Nge2 d5 8. c5 e5 9. a3 Bxc3+ 10. Nxc3 exd4 11. exd4 Re8+ 12. Be3 Ng4 13. Qd3 Nf6 14. 0-0 Re7 15. f3 Qe8 16. Rae1 g6 17. Bd2 Bf5 18. Rxe7 Nxe7 19. Qb5 Qxb5 20. Nxb5 Bd3 21. Re1 Bxb5 22. Rxe7 Rc8 23. Bh3 Kf8 24. Re5 Re8 25. Bh6+ Kg8 26. Rxe8+ Nxe8 27. g4 b6 28. g5 bxc5 29. dxc5 d4 30. Kf2 Ng7 31. Bg4 Nh5 32. Bxh5 gxh5 33. Ke1 Bc6 34. f4 Bb5 35. h4 Bc4 36. Kd2 d3 37. b3 Bxb3 38. Kxd3 Be6 39. Kd4 c6 40. Ke5 a5 41. Kd6 Bd5 42. a4 Be4 43. Kc7 Bc2 44. Kxc6 Bxa4+ 45. Kb6 1-0

[Event "Solingen-ch"]
[Site "Solingen"]
[Date "2013.10.18"]
[Round "4"]
[White "Littek, Oliver"]
[Black "Schroeder, Ulrich"]
[Result "0-1"]
[WhiteElo "982"]
[BlackElo "1629"]
[PlyCount "58"]
[EventDate "2013.09.13"]
[EventType "swiss"]
[EventRounds "7"]
[EventCountry "GER"]
[SourceTitle "EXT 2015"]
[Source "ChessBase"]
[SourceDate "2014.11.20"]
[SourceVersion "1"]
[SourceVersionDate "2014.11.20"]
[SourceQuality "1"]

1. e4 c5 2. Nc3 d6 3. Nf3 Nf6 4. Bc4 e6 5. 0-0 a6 6. d3 Nc6 7. Re1 Be7 8. Bg5 0-0 9. a3 Qc7 10. Qd2 b5 11. Bb3 Bb7 12. a4 b4 13. Ne2 Rad8 14. Ng3 d5 15. exd5 Nxd5 16. Bxe7 Ncxe7 17. Rad1 Ng6 18. Bxd5 Bxd5 19. Re3 f5 20. Re2 Bxf3 21. gxf3 Nf4 22. Ree1 Rf6 23. b3 Rd5 24. Kf1 Rh6 25. Kg1 Rg6 26. c3 Rxd3 27. Qc2 Rxc3 28. Qb1 h5 29. Rd2 h4 0-1

[Event "Solingen-ch"]
[Site "Solingen"]
[Date "2010.09.10"]
[Round "1"]
[White "Littek, Oliver"]
[Black "Schikowsky, Andreas"]
[Result "0-1"]
[WhiteElo "707"]
[BlackElo "1883"]
[PlyCount "68"]
[EventDate "2010.09.10"]
[EventType "swiss"]
[EventRounds "7"]
[EventCountry "GER"]
[SourceTitle "EXT 2012"]
[Source "ChessBase"]
[SourceDate "2011.11.24"]
[SourceVersion "1"]
[SourceVersionDate "2011.11.24"]
[SourceQuality "1"]

1. e4 c5 2. Be2 Nc6 3. Nf3 d6 4. 0-0 g6 5. Re1 Bg7 6. Nc3 Nf6 7. d3 0-0 8. Be3 a6 9. Qd2 Ng4 10. Rad1 Nxe3 11. Qxe3 b5 12. d4 cxd4 13. Nxd4 Nxd4 14. Qd3 Nxe2+ 15. Qxe2 Be6 16. Rd2 Bxc3 17. bxc3 Qc7 18. Ra1 Qxc3 19. Rad1 Rac8 20. Rc1 Bxa2 21. Kf1 Bc4 22. Qxc4 Qxd2 23. Qe2 Qxc1+ 24. Qe1 Rxc2 25. Qxc1 Rxc1+ 26. Ke2 b4 27. Kd2 Rfc8 28. Ke2 b3 29. f3 b2 30. Kf2 b1Q 31. Kg3 Rg1 32. Kf4 Rxg2 33. h4 e5+ 34. Ke3 Rc3# 0-1